Britain's Funniest Females Picture Quiz - Statistics

General Stats
  • This quiz has been taken 45 times
  • The average score is 10 of 20
Answer Stats
Picture Answer % Correct
Jennifer Saunders
88%
Jo Brand
85%
Joanna Lumley
80%
Dawn French
78%
Catherine Tate
73%
Victoria Wood
73%
Julie Walters
66%
Miranda Hart
63%
June Whitfield
56%
Patricia Routledge
56%
Caroline Aherne
54%
Celia Imrie
46%
Kathy Burke
41%
Meera Syal
37%
Anna Maxwell Martin
17%
Julia Davis
17%
Rebecca Front
15%
Doon MacKichan
12%
Lucy Punch
10%
Llewella Gideon
5%
No matching quizzes found
Score Distribution
Percent of People with Each Score
Percentile by Number Answered
Your Score History
You have not taken this quiz